Mercado y neoliberalismo /
Salvato in:
| Autore principale: | |
|---|---|
| Natura: | testo |
| Soggetti: | |
| Tags: |
Aggiungi Tag
Nessun Tag, puoi essere il primo ad aggiungerne!!
|
MARC
| LEADER | 00000 a a2200000 04500 | ||
|---|---|---|---|
| 001 | 319 | ||
| 003 | |||
| 040 | |||
| 100 | |a Dávalos, Pablo | ||
| 245 | |a Mercado y neoliberalismo / |c Pablo Dávalos | ||
| 650 | |a MERCADO | ||
| 650 | |a NEOLIBERALISMO | ||
| 650 | |a MONOPOLIOS | ||
| 650 | |a EMPRESAS | ||
| 650 | |a CAPITALISMO | ||
| 773 | |g volumen 23, número 303; páginas 18-20 | ||
| 999 | |c 21503 |d 21503 | ||
| 773 | 0 | |0 42391 |9 3513 |a Agencia Latinoamericana de Información, ALAI |d Quito, Ecuador: ALAI |o 08351 |t ALAI: |x 08275564 (Servicio mensual de información y documentación) | |
